000 01036nam a22003257a 4500
003 CHAP
005 20220329141135.0
008 971010s1977 r 00010 d
010 _a63252
011 _a64224
035 _a69485
040 _cCHAP
082 _a631.0913
_bA5
100 0 0 _aAlvim, Paulo de T.
_eed.
_95036
245 _aEcophysiology of tropical crops
260 _aNew York :
_bAcademic Press,
_c1977
300 _a502 p.
_b: ilus.; gráfs.
590 _aBATCH-UPD
_b10
_c20130110
_lUCH01
_h0821
590 _aBATCH-UPD
_b10
_c20130410
_lUCH01
_h0459
590 _aBATCH-UPD
_b10
_c20130914
_lUCH01
_h1132
590 _aCONVERSION
_b10
_c20130109
_lUCH01
_h1334
650 1 4 _aCultivos tropicales.
_930383
650 1 4 _aEcología vegetal.
_935188
650 1 4 _aFisiología vegetal.
_941136
700 0 _aKozlowski, Theodore Thomas.
_963831
901 _aBK
942 _cLIBRO
949 _a631.0913 A5
_bBC
_cLIBRO
_d33724000051462
_eLIBRO
_h46205
_i69485
_si
949 _a631.0913 A5
_bP
_cLIBRO
_d-1690
_eLIBRO
_h517
_i69485
_si
999 _c63252
_d63252